ਪਵਿੱਤਰ ਕਲੰਕਣੀ : (Record no. 110456)

MARC details
000 -LEADER
fixed length control field 00959nam a22002537a 4500
005 - DATE AND TIME OF LATEST TRANSACTION
control field 20170123164152.0
010 ## - LIBRARY OF CONGRESS CONTROL NUMBER
LC control number B-028789
020 ## - INTERNATIONAL STANDARD BOOK NUMBER
Terms of availability 150.00
035 ## - SYSTEM CONTROL NUMBER
System control number B-028789
037 ## - SOURCE OF ACQUISITION
Stock number Cen Lib / Ret
040 ## - CATALOGING SOURCE
Original cataloging agency DPL
Language of cataloging PN
082 ## - DEWEY DECIMAL CLASSIFICATION NUMBER
Classification number
Edition number ਅਵਤਾ
100 ## - MAIN ENTRY--PERSONAL NAME
Personal name ਅਵਤਾਰ ਸਿੰਘ 'ਤਾਰ'
9 (RLIN) 51202
245 ## - TITLE STATEMENT
Title ਪਵਿੱਤਰ ਕਲੰਕਣੀ :
Statement of responsibility, etc ਅਵਤਾਰ ਸਿੰਘ 'ਤਾਰ'
Remainder of title ਨਾਵਲ /
246 ## - VARYING FORM OF TITLE
Title proper/short title Pavittar kalankani : novel /
Remainder of title Avtar Singh 'Taar'
260 ## - PUBLICATION, DISTRIBUTION, ETC. (IMPRINT)
Place of publication, distribution, etc ਅੰਮ੍ਰਿਤਸਰ
Name of publisher, distributor, etc ਲੇਕ ਸਾਹਿਤ ਪ੍ਰਕਾਸ਼ਨ
Date of publication, distribution, etc 2000
270 ## - ADDRESS
Address 186, ਗੀ੍ਲ ਔਵੀਨਿਊ
City ਅੰਮ੍ਰਿਤਸਰ
300 ## - PHYSICAL DESCRIPTION
Extent 175p.
Dimensions 22cm
650 ## - SUBJECT ADDED ENTRY--TOPICAL TERM
Topical term or geographic name as entry element ਪੰਜਾਬੀ ਸਾਹਿਤ
9 (RLIN) 135362
650 ## - SUBJECT ADDED ENTRY--TOPICAL TERM
Topical term or geographic name as entry element Literature -- Punjabi
9 (RLIN) 135363
650 ## - SUBJECT ADDED ENTRY--TOPICAL TERM
Topical term or geographic name as entry element Punjabi Novel
9 (RLIN) 6285
650 ## - SUBJECT ADDED ENTRY--TOPICAL TERM
Topical term or geographic name as entry element ਪੰਜਾਬੀ -- ਨਾਵਲ
9 (RLIN) 135364
942 ## - ADDED ENTRY ELEMENTS (KOHA)
Source of classification or shelving scheme Dewey Decimal Classification
Koha item type Punjabi Bks
Classification part
Call number suffix ਅਵਤਾ
Holdings
Withdrawn status Lost status Damaged status Not for loan Home library Current library Date acquired Source of acquisition Cost, normal purchase price Total Checkouts Full call number Barcode Date last seen Copy number Cost, replacement price Price effective from Koha item type
        Central Library Central Library 22/01/2016 Cen Lib/Ret 150.00   ਉ ਅਵਤਾ B-028789 22/01/2016 1 150.00 22/01/2016 Punjabi Bks

© Delhi Public Library
Hit Counter
free hit counter